[Event "CRO-chT4B Center North"]
[Site "Croatia"]
[Date "2016.04.24"]
[Round "4.5"]
[White "Milinovic, Ivan"]
[Black "Samec, Sinisa"]
[Result "1/2-1/2"]
[WhiteElo "1714"]
[BlackElo "1620"]
[PlyCount "69"]
[EventDate "2016.04.03"]
[EventType "team-tourn"]
[EventRounds "11"]
[EventCountry "CRO"]
[SourceTitle "EXT 2019"]
[Source "ChessBase"]
[SourceDate "2018.10.10"]
[SourceVersion "1"]
[SourceVersionDate "2018.10.10"]
[SourceQuality "1"]

1. e4 e5 2. Bc4 Bc5 3. Qf3 Qf6 4. Nc3 c6 5. d3 Bd4 6. Nce2 Bb6 7. Bd2 d6 8. 0-0-0 Bxf2 9. Rf1 Bxg1 10. Rhxg1 Be6 11. Qg3 Qg6 12. Bxe6 fxe6 13. Qh3 Nd7 14. Rf3 0-0-0 15. Rgf1 Qe8 16. Rf7 Ngf6 17. Rxg7 Rg8 18. Rg3 Rxg3 19. Nxg3 Qg8 20. Qh6 Qg6 21. Qe3 b6 22. a4 Kc7 23. a5 Rf8 24. Rd1 Ng4 25. Qg1 Nf2 26. Rf1 Ng4 27. Re1 Nc5 28. Ne2 Qf7 29. h3 Nf6 30. Rf1 Ncd7 31. g4 Qg6 32. Be3 c5 33. Nc3 Kc6 34. Na2 Qe8 35. Bd2 1/2-1/2